| 000 | 00349nam a2200145Ia 4500 | ||
|---|---|---|---|
| 008 | 230917s9999||||xx |||||||||||||| ||und|| | ||
| 040 |
_e39848 _aMAIN |
||
| 041 | _aEnglish | ||
| 082 | _a658.562 H326M | ||
| 100 | _aHayes, Glenn E | ||
| 245 | 0 | _aModern quality control | |
| 260 |
_aCalifornia _bBruce _c1977 |
||
| 300 | _axiv, 849 p. | ||
| 942 | _cBK | ||
| 999 |
_c213022 _d213022 |
||